000 01467nam a22002417a 4500
999 _c58614
_d58614
003 Ge_BSU
005 20220615111317.0
008 220615s2001 ge ||||| |||| 00| 0 geo d
020 _a9789941836848
041 _ageo
080 _a330(060.55) პ-54
100 _aპოლანი, კარლ
_914088
245 _aდიდი ტრანსფორმაცია :
_bჩვენი დროის პოლიტიკური და ეკონომიკური საწყისები /
_cკარლ პოლანი; მთარგმნ. ნინო ხელაია, ლაშა ქავთარაძე და სხვ.; რედაქტორი ნინო ხელაია;
264 _aთბილისი:
_cპლატფორმა,
_b2001.
300 _a516 გვ.
_b21 სმ.
500 _aპუბლიკაცია დაიბეჭდა ფრიდრიხ ებერტის ფონდის ინიციატივით
653 _aეკონომიკური საწყისები
653 _aპოლიტიკური საწყისები
700 _aხელაია, ნინო
_eმთარგმნელი
_914089
700 _aქავთარაძე, ლაშა და სხვ.
_eმთარგმნელი
_914090
700 _aხელაია, ნინო
_eრედაქტორი
_914089
942 _2udc
_cBK